000 01114nam a2200313 i 4500
001 12642
003 KOSZ 005
005 20220715093224.0
008 990506s1969 pl d |000 0 pol
015 _aPB 1969/9230
035 _a(OCoLC)168971525
040 _aWA N
_cWA N
_dKOSZ 005/HR
041 0 _apol
_afre
100 1 _aZaręba, Leon
_d(1924- ).
_eAutor
245 1 0 _aFrazeologiczny słownik francusko-polski =
_bDictionnaire phraseologique français-polonais /
_cLeon Zaręba.
246 3 1 _aDictionnaire phraseologique français-polonais.
260 _aWarszawa :
_bWiedza Powszechna,
_c1969.
300 _aXXXI, [1], 1155, [1] s. ;
_c18 cm.
380 _aKsiążki
504 _aBibliogr.
658 _aJęzykoznawstwo
655 4 _aSłownik francusko-polski
650 4 _aFrazeologia
655 4 _aSłownik frazeologiczny
650 4 _aJęzyk francuski
710 2 _aPaństwowe Wydawnictwo Wiedza Powszechna
_4pbl.
856 _uhttp://koha.tu.koszalin.pl/cgi-bin/koha/opac-detail.pl?biblionumber=12642
_yKatalog online BPK
942 _2UKD
_cKS
999 _c12642
_d12642